| 000 | 01400cam a2200241 4500 | ||
|---|---|---|---|
| 001 | ABS68447 | ||
| 008 | 041115n2004 000 0 eng u | ||
| 035 | _a(Sirsi) u127963 | ||
| 100 |
_aLewis _vC. |
||
| 245 | _aHigh-risk mission | ||
| 260 | _c2004 | ||
| 490 |
_aEstates Gazette _v(0445) 6 November 2004, 116-118(3) |
||
| 520 | _aHighlights issues landlords should take into consideration when leasing property to overseas embassies including diplomatic and state immunity. Warns that landlords do not enjoy the usual protection and benefits of the Landlord and Tenant Act 1954 when letting to diplomatic tenants. Personal assurances from diplomatic and consular staff carry no guarantee due to individual immunity from prosecution. Looks at the consequences to tenants who sublet property for diplomatic use as they have no legal redress and can put themselves at risk. Investigates whether a landlord can reasonably withhold consent to assign a lease where the assignee has the benefit of state or diplomatic immunity. Does not discuss other risks such as security issues and terrorism threats. | ||
| 590 | _aABS | ||
| 590 | _aABS | ||
| 650 | _aDIPLOMATIC PREMISES | ||
| 650 | _aDIPLOMATIC IMMUNITY | ||
| 650 | _aSTATE IMMUNITY ACT 1978 | ||
| 650 | _aDIPLOMATIC PRIVILEGES ACT 1964 | ||
| 650 | _aLANDLORD AND TENANT ACT 1954 | ||
| 690 | _aLANDLORD AND TENANT-LEASES | ||
| 942 | _n0 | ||
| 999 |
_c118302 _d118302 |
||